000 00767nam a22002417a 4500
005 20170124110231.0
010 _aA-680604
020 _c550.00
_a8124600155
035 _aA-680604
037 _bCen Lib/Ret
040 _aDPL
_bEN
082 _a730.954
_bSHA
100 _aSharma, R.C.
_922382
245 _aThe spendour of Mathura :
_cby R.C. Sharma
_bart and museum /
260 _aNew Delhi
_bD.K. printwords
_c1993
270 _bNew Delhi
_aH-12, Bali Nagar
_e110015
300 _a211p.:
_c24cm(Hb)
_bill.
490 _aPerspective in Indian art and archaeology
500 _aIncludes bibliographical references and index
650 _aAntiquities
_919751
650 _aSculpture
_z Mathurā
_941276
942 _2ddc
_cEN
_h730.954
_mSHA
999 _c134636
_d134636